000 00333nam a2200133Ia 4500
008 210210b1970 xxu||||| |||| 00| 0 eng d
082 _a303.6 AREO
100 _aARENDT (Hannah).
245 _aOn violence.
260 _aNew York.
_bharcourt, Brace & world, Inc.,
_c1970
300 _a106
690 _aSocial Change
906 _a041791
999 _c91453
_d91453